| 000 | 00962nam a2200277Ia 4500 | ||
|---|---|---|---|
| 008 | 191130s2006##################000#0#eng## | ||
| 020 | _a9780198568162 | ||
| 022 | _a2006010284 | ||
| 040 |
_aACL _cACL |
||
| 082 | _a362.1042 SIE | ||
| 245 |
_aSocial inequalities in health : new evidence and policy implications _cedited by Johannes Siegrist and Michael Marmot |
||
| 260 |
_aOxford _bOxford University Press _c2006 |
||
| 300 | _ax, 258 p. : ill. ; 24 cm | ||
| 500 | _aIncludes bibliographical references and index | ||
| 650 | _aEquality - Health aspects | ||
| 650 | _aHealth Services Accessibility | ||
| 650 | _aHealth Services Accessibility - economics | ||
| 650 | _aHealth Services Needs and Demand - economics | ||
| 650 | _aHealth Status | ||
| 650 | _aMedical policy - Social aspects | ||
| 700 | _aMarmot, M. G | ||
| 700 | _aSiegrist, Johannes | ||
| 990 | _af1876f89ac10000c42cf462717b1b35e | ||
| 991 | _a13907 | ||
| 999 |
_c287606 _d287606 |
||